000 00763nam a2200217 a 4500
001 80240
003 BD-RjUL
005 20220825124729.0
008 220825s2021 bg ||||| |||| 00| 0 eng d
020 _a9789845027823
035 _a(BD-RjUL)80240
040 _aBD-RjUL
_beng
_cBD-RjUL
041 _aeng
082 _223
_a954.9205092
_bFAT 2021
245 _aFather of the Nation :
_bBangabandhu Sheikh Mujibur Rahman /
_cedited by Sheikh Hasina
260 _aDhaka :
_bNational Implementation Committee for the Celebration of Birth Centenary of the Father of the Nation Bangabandhu Sheikh Mujibur Rahman,
_cc2021
300 _a433 p.:
_b ill.;
_c24 cm
600 _aMujibur Rahman, Sheikh,
_d1920-1975
700 _aHasina, Sheikh
_94384
942 _2ddc
_cBK
999 _c80240
_d80240